000 00301nam a22001457a 4500
008 210518b ||||| |||| 00| 0 eng d
020 _a0314852239
041 _aeng
080 _a579
082 _a579
100 _a11
101 _aMIK
245 _aMicrobiology
_cRaul J. Cano
942 _2udc
_cBK
999 _c57438
_d57438